Thư vào Nam

Nội dung cuốn " Thư vào Nam " là tập hợp thư và một số điện của đồng chí Lê Duẩn gửi các đồng chí lãnh đạo ở các chiến trường miền Nam trong cuộc kháng chiến chống Mỹ, cứu nước....

Popoln opis

Shranjeno v:
Bibliografske podrobnosti
Glavni avtor: Lê, Duẩn
Format: Knjiga
Jezik:Undetermined
Izdano: Hà Nội Chính trị quốc gia - Sự thật 2015
Teme:
Oznake: Označite
Brez oznak, prvi označite!
Thư viện lưu trữ: Trung tâm Học liệu Trường Đại học Cần Thơ
LEADER 00877nam a2200217Ia 4500
001 CTU_207009
008 210402s9999 xx 000 0 und d
020 |c 111000 
082 |a 959.7043 
082 |b D502 
100 |a Lê, Duẩn 
245 0 |a Thư vào Nam 
245 0 |c Lê Duẩn 
260 |a Hà Nội 
260 |b Chính trị quốc gia - Sự thật 
260 |c 2015 
520 |a Nội dung cuốn " Thư vào Nam " là tập hợp thư và một số điện của đồng chí Lê Duẩn gửi các đồng chí lãnh đạo ở các chiến trường miền Nam trong cuộc kháng chiến chống Mỹ, cứu nước. 
650 |a War stories,Chiến tranh Việt Nam 
650 |z Vietnam 
904 |i Tuyến 
980 |a Trung tâm Học liệu Trường Đại học Cần Thơ